| 000 | 01654cam a22004097a 4500 | ||
|---|---|---|---|
| 001 | 14329850 | ||
| 003 | OSt | ||
| 005 | 20150408114157.0 | ||
| 008 | 060405s2005 enk f b 001 0 eng d | ||
| 010 | _a 2006296103 | ||
| 015 |
_aGBA554518 _2bnb |
||
| 016 | 7 |
_a013240089 _2Uk |
|
| 020 | _a9780521848169 (hbk.) | ||
| 020 | _a0521848164 (hbk.) | ||
| 020 | _a9780521612753 (pbk.) | ||
| 020 | _a0521612756 (pbk.) | ||
| 035 | _a(OCoLC)ocm60794238 | ||
| 040 |
_aUKM _cUKM _dBWKUK _dIXA _dDLC |
||
| 042 | _alccopycat | ||
| 050 | 0 | 0 |
_aQA246 _b.C65 2005 |
| 082 | 0 | 4 |
_a512.73 _222 _bCAI |
| 100 | 1 |
_aCojocaru, Alina. _940931 |
|
| 245 | 1 | 3 |
_aAn introduction to sieve methods and their applications / _cAlina Caremn Cojocaru, M. Ram Murty. |
| 260 |
_aCambridge, UK ; _aNew York : _bCambridge University Press, _c2005. |
||
| 300 |
_axii, 224 p. ; _c24 cm. |
||
| 440 | 0 |
_aLondon Mathematical Society student texts ; _v66 _940932 |
|
| 504 | _aIncludes bibliographical references (p. 218-221) and index. | ||
| 650 | 0 |
_aSieves (Mathematics) _940933 |
|
| 700 | 1 |
_aMurty, Maruti Ram. _939818 |
|
| 710 | 2 |
_aLondon Mathematical Society. _940930 |
|
| 856 | 4 | 2 |
_3Publisher description _uhttp://www.loc.gov/catdir/enhancements/fy0642/2006296103-d.html |
| 856 | 4 | 1 |
_3Table of contents only _uhttp://www.loc.gov/catdir/enhancements/fy0642/2006296103-t.html |
| 856 | 4 | 2 |
_3Contributor biographical information _uhttp://www.loc.gov/catdir/enhancements/fy0733/2006296103-b.html |
| 906 |
_a7 _bcbc _ccopycat _d2 _encip _f20 _gy-gencatlg |
||
| 942 |
_2ddc _cBOOK |
||
| 999 |
_c32577 _d267077 |
||